[Event "RUS Cup (Women)"]
[Site "Serpukhov"]
[Date "2001.??.??"]
[Round "2"]
[White "Loktionova, Natalia"]
[Black "Strutinskaya, Galina N"]
[Result "0-1"]
[WhiteElo "2237"]
[BlackElo "2361"]
[PlyCount "64"]
[EventDate "2001.??.??"]
[EventType "swiss"]
[EventRounds "9"]
[EventCountry "RUS"]
[SourceTitle "EXT 2005"]
[Source "ChessBase"]
[SourceDate "2004.11.15"]
[SourceVersion "1"]
[SourceVersionDate "2004.11.15"]
[SourceQuality "1"]

1. d4 Nf6 2. c4 c5 3. Nf3 e6 4. Nc3 cxd4 5. Nxd4 Bb4 6. Bd2 Nc6 7. e3 0-0 8. Be2 d5 9. cxd5 exd5 10. Nxc6 bxc6 11. 0-0 Rb8 12. a3 Bd6 13. b4 Re8 14. Qc2 h5 15. f4 Qe7 16. Rfe1 Bd7 17. Bf3 Bg4 18. e4 dxe4 19. Bxe4 Qc7 20. g3 a5 21. Na4 axb4 22. axb4 Nxe4 23. Rxe4 Bf3 24. Rxe8+ Rxe8 25. Re1 Rxe1+ 26. Bxe1 Qe7 27. Qd2 h4 28. Nb2 Bd5 29. gxh4 Bxf4 30. Qxf4 Qxe1+ 31. Qf1 Qe3+ 32. Qf2 Qc1+ 0-1

[Event "RUS Cup (Women)"]
[Site "Serpukhov"]
[Date "2001.??.??"]
[Round "5"]
[White "Savushkina, Natalia"]
[Black "Loktionova, Natalia"]
[Result "1-0"]
[WhiteElo "2108"]
[BlackElo "2237"]
[PlyCount "79"]
[EventDate "2001.??.??"]
[EventType "swiss"]
[EventRounds "9"]
[EventCountry "RUS"]
[SourceTitle "EXT 2005"]
[Source "ChessBase"]
[SourceDate "2004.11.15"]
[SourceVersion "1"]
[SourceVersionDate "2004.11.15"]
[SourceQuality "1"]

1. e4 e5 2. Nf3 Nf6 3. d4 Nxe4 4. Bd3 d5 5. Nxe5 Be7 6. 0-0 0-0 7. c4 Nc6 8. Nxc6 bxc6 9. Nc3 f5 10. f3 Nxc3 11. bxc3 Kh8 12. c5 f4 13. Qc2 g6 14. Re1 Bh4 15. Re5 Qf6 16. Bd2 Qf7 17. Rb1 Bf6 18. Re2 g5 19. Qa4 Bd7 20. Rb7 Bd8 21. Rb1 a5 22. Qb3 Bf6 23. Qb7 Rfc8 24. Kh1 Qh5 25. Rbe1 Rab8 26. Qa6 Rf8 27. Qxa5 Bd8 28. Re5 Rf6 29. Bf1 Qh4 30. c4 Rh6 31. h3 Qg3 32. Re8+ Bxe8 33. Rxe8+ Kg7 34. Rxd8 Rxh3+ 35. gxh3 Qxf3+ 36. Bg2 Rb1+ 37. Be1 Qe3 38. Qxc7+ Kh6 39. Rd6+ Kh5 40. Qxh7# 1-0

[Event "RUS-chT1 (Women)"]
[Site "Protvino"]
[Date "2001.??.??"]
[Round "5"]
[White "Turova, Irina"]
[Black "Loktionova, Natalia"]
[Result "1/2-1/2"]
[WhiteElo "2299"]
[BlackElo "2201"]
[PlyCount "43"]
[EventDate "2001.02.??"]
[EventType "team"]
[EventRounds "9"]
[EventCountry "RUS"]
[SourceTitle "EXT 2002"]
[Source "ChessBase"]
[SourceDate "2001.11.25"]
[SourceVersion "1"]
[SourceVersionDate "2001.11.25"]
[SourceQuality "1"]

1. d4 d5 2. c4 e6 3. Nf3 Nf6 4. Nc3 Bb4 5. cxd5 exd5 6. Bg5 h6 7. Bxf6 Qxf6 8. a3 Bxc3+ 9. bxc3 0-0 10. g3 c5 11. Bg2 Nc6 12. 0-0 Be6 13. Rb1 Rab8 14. Rb5 cxd4 15. cxd4 b6 16. Qa1 a6 17. Rbb1 Bg4 18. Ne5 Nxe5 19. dxe5 Qe6 20. Rfd1 Bxe2 21. Rxd5 Rfd8 22. Qa2 1/2-1/2

[Event "RUS-ch 1L (Women)"]
[Site "Orsk"]
[Date "2000.??.??"]
[Round "2"]
[White "Loktionova, Natalia"]
[Black "Idrisova, Roza"]
[Result "0-1"]
[WhiteElo "2232"]
[BlackElo "2139"]
[PlyCount "122"]
[EventDate "2000.??.??"]
[EventType "swiss"]
[EventRounds "9"]
[EventCountry "RUS"]
[SourceTitle "EXT 2001"]
[Source "ChessBase"]
[SourceDate "2000.11.22"]
[SourceVersion "1"]
[SourceVersionDate "2000.11.22"]
[SourceQuality "1"]

1. e4 c6 2. d3 d5 3. Nd2 e5 4. Ngf3 Bd6 5. g3 Nf6 6. Bg2 0-0 7. 0-0 Bg4 8. h3 Bh5 9. c3 Nbd7 10. Qc2 Qc7 11. Re1 Rfe8 12. Nf1 Rad8 13. g4 dxe4 14. dxe4 Bg6 15. Ng3 Bf8 16. Bg5 h6 17. Bh4 Re6 18. Nf5 Nc5 19. Bf1 b5 20. b4 Nb7 21. Qb3 Rd7 22. c4 a5 23. a3 axb4 24. axb4 Nd6 25. Bxf6 bxc4 26. Qc2 Rxf6 27. Nxe5 Rd8 28. Nxg6 Rxg6 29. Ng3 Nb5 30. Bxc4 Nd4 31. Qc3 Qf4 32. Kg2 Rf6 33. Ra2 Nf3 34. Rea1 Nd2 35. Rf1 Nxe4 36. Nxe4 Qxe4+ 37. f3 Qd4 38. Qb3 Qf4 39. Kh1 Rd4 40. Rc2 Rfd6 41. Rff2 Rd1+ 42. Kg2 Be7 43. Rf1 R6d2+ 44. Rxd2 Rxd2+ 45. Rf2 Rd8 46. Ra2 Bh4 47. Kh1 Qc1+ 48. Kg2 Rd2+ 49. Rxd2 Qxd2+ 50. Kh1 Qe1+ 51. Kg2 Qg3+ 52. Kh1 Qxh3+ 53. Kg1 Qg3+ 54. Kh1 Qe1+ 55. Kg2 Qf2+ 56. Kh1 Bg3 57. Qa2 Qxf3+ 58. Kg1 Bd6 59. b5 Qxg4+ 60. Kh1 Qh3+ 61. Kg1 Bc5+ 0-1

[Event "RUS-ch 1L (Women)"]
[Site "Orsk"]
[Date "2000.??.??"]
[Round "8"]
[White "Movsesian, Julia"]
[Black "Loktionova, Natalia"]
[Result "1-0"]
[WhiteElo "2197"]
[BlackElo "2232"]
[PlyCount "71"]
[EventDate "2000.??.??"]
[EventType "swiss"]
[EventRounds "9"]
[EventCountry "RUS"]
[SourceTitle "EXT 2001"]
[Source "ChessBase"]
[SourceDate "2000.11.22"]
[SourceVersion "1"]
[SourceVersionDate "2000.11.22"]
[SourceQuality "1"]

1. e4 d6 2. d4 g6 3. Nc3 Bg7 4. Be3 Nd7 5. Qd2 c6 6. 0-0-0 Qc7 7. h4 h5 8. f3 Nb6 9. Kb1 Be6 10. d5 Bd7 11. dxc6 bxc6 12. Nh3 Rb8 13. b3 Nf6 14. Nf4 c5 15. e5 dxe5 16. Nfd5 Nbxd5 17. Nxd5 Qd6 18. Bxc5 Qxd5 19. Qxd5 Nxd5 20. Rxd5 Bc6 21. Bxa7 Bxd5 22. Bxb8 0-0 23. Ba7 e4 24. Be2 f5 25. Rd1 exf3 26. Bxf3 Bxf3 27. gxf3 e5 28. a4 e4 29. fxe4 fxe4 30. Bc5 Rc8 31. b4 Bc3 32. a5 e3 33. Bxe3 Bxb4 34. a6 Bc5 35. Bxc5 Rxc5 36. Rd8+ 1-0

[Event "Techirghiol"]
[Site "Techirghiol"]
[Date "1998.??.??"]
[Round "?"]
[White "Florescu, Codrut Constantin"]
[Black "Loktionova, Natalia"]
[Result "1/2-1/2"]
[WhiteElo "2320"]
[BlackElo "2230"]
[PlyCount "26"]
[EventDate "1998.09.??"]
[EventType "tourn"]
[EventRounds "13"]
[EventCountry "ROU"]
[EventCategory "2"]
[SourceTitle "EXT 2000"]
[Source "ChessBase"]
[SourceDate "1999.11.16"]
[SourceVersion "1"]
[SourceVersionDate "1999.11.16"]
[SourceQuality "1"]

1. d4 d5 2. c4 c6 3. cxd5 cxd5 4. Nf3 Nf6 5. Nc3 Nc6 6. Bf4 Bf5 7. e3 e6 8. Bd3 Bxd3 9. Qxd3 Bd6 10. Bxd6 Qxd6 11. 0-0 0-0 12. Rac1 Rac8 13. Rfd1 Rfd8 1/2-1/2

[Event "Techirghiol"]
[Site "Techirghiol"]
[Date "1998.??.??"]
[Round "?"]
[White "Glodeanu, Ion"]
[Black "Loktionova, Natalia"]
[Result "1-0"]
[WhiteElo "2355"]
[BlackElo "2230"]
[PlyCount "112"]
[EventDate "1998.09.??"]
[EventType "tourn"]
[EventRounds "13"]
[EventCountry "ROU"]
[EventCategory "2"]
[SourceTitle "EXT 2000"]
[Source "ChessBase"]
[SourceDate "1999.11.16"]
[SourceVersion "1"]
[SourceVersionDate "1999.11.16"]
[SourceQuality "1"]

1. e4 e5 2. Nf3 Nc6 3. Nc3 Nf6 4. d4 exd4 5. Nxd4 d6 6. Bb5 Bd7 7. 0-0 Be7 8. Re1 0-0 9. Nxc6 Bxc6 10. Bxc6 bxc6 11. Bg5 Nd7 12. Bxe7 Qxe7 13. Qd4 Qe5 14. Qxe5 Nxe5 15. f3 Rfe8 16. Rad1 Rad8 17. Na4 Rd7 18. Re2 Kf8 19. Red2 Rdd8 20. Rd4 Ra8 21. Kf2 Nd7 22. c4 Nb6 23. c5 Nxa4 24. Rxa4 Ke7 25. Ra6 Kd7 26. Rd4 Re5 27. cxd6 cxd6 28. Rc4 Rc5 29. Rxc5 dxc5 30. Ra5 Kc7 31. Rxc5 Rd8 32. Rc2 a5 33. b3 Rb8 34. Rc4 Rd8 35. Ke2 Kb6 36. f4 Rd7 37. g4 h6 38. h4 Kc7 39. h5 Rd8 40. Rc5 Kb6 41. Rf5 f6 42. e5 Re8 43. Kd3 Re6 44. g5 hxg5 45. fxg5 fxe5 46. Ke4 Rd6 47. Rxe5 Rd2 48. Kf5 Rxa2 49. Kg6 Rh2 50. h6 gxh6 51. gxh6 Rg2+ 52. Rg5 Rd2 53. h7 Rd8 54. Rh5 c5 55. h8Q Rxh8 56. Rxh8 Kb5 1-0

[Event "Centrocoop June op-A"]
[Site "Eforie Nord "]
[Date "1998.??.??"]
[Round "?"]
[White "Loktionova, Natalia"]
[Black "Dvoretskij, Alexey"]
[Result "1-0"]
[WhiteElo "2250"]
[BlackElo "2140"]
[PlyCount "133"]
[EventDate "1998.06.??"]
[EventType "swiss"]
[EventRounds "11"]
[EventCountry "ROU"]
[SourceTitle "EXT 2000"]
[Source "ChessBase"]
[SourceDate "1999.11.16"]
[SourceVersion "1"]
[SourceVersionDate "1999.11.16"]
[SourceQuality "1"]

1. e4 e5 2. Nf3 Nf6 3. Nxe5 d6 4. Nf3 Nxe4 5. c4 Be7 6. d3 Nf6 7. Be2 0-0 8. 0-0 Nc6 9. Nc3 d5 10. Bg5 d4 11. Nb1 h6 12. Bh4 Nh7 13. Bxe7 Nxe7 14. Nbd2 c5 15. a3 Nf6 16. b4 b6 17. Nb3 Qc7 18. Qd2 Be6 19. Rab1 a5 20. Rfe1 Rfb8 21. Bf1 Ng6 22. g3 Bd7 23. Bg2 axb4 24. axb4 Ra4 25. Na1 Rba8 26. Nc2 Bc6 27. Re2 Qb7 28. Nfe1 Bxg2 29. Nxg2 Qc7 30. Qe1 Nd7 31. Re8+ Kh7 32. Rxa8 Rxa8 33. Nf4 Ra2 34. Nxg6 fxg6 35. Rc1 Ne5 36. Qe4 Qd6 37. bxc5 bxc5 38. Re1 Nf7 39. Re2 Ng5 40. Qb7 Qf6 41. f4 Ne6 42. Qe4 Nf8 43. Kg2 Nd7 44. Nxd4 Rxe2+ 45. Nxe2 Qb2 46. f5 gxf5 47. Qxf5+ Kh8 48. Kf3 Qb7+ 49. Ke3 Qc6 50. Nf4 Qd6 51. Ng6+ Kg8 52. Qd5+ Qxd5 53. Ne7+ Kf7 54. Nxd5 Ne5 55. h3 Ke6 56. Ke4 g6 57. Nc7+ Kd6 58. Nb5+ Ke6 59. g4 h5 60. gxh5 gxh5 61. Nc7+ Kd6 62. Ne8+ Ke6 63. Ng7+ Kd6 64. Nxh5 Nf7 65. h4 Ne5 66. Nf4 Nf7 67. h5 1-0

[Event "Techirghiol"]
[Site "Techirghiol"]
[Date "1998.??.??"]
[Round "?"]
[White "Loktionova, Natalia"]
[Black "Tarata, Marius"]
[Result "1-0"]
[WhiteElo "2230"]
[BlackElo "2115"]
[PlyCount "143"]
[EventDate "1998.09.??"]
[EventType "tourn"]
[EventRounds "13"]
[EventCountry "ROU"]
[EventCategory "2"]
[SourceTitle "EXT 2000"]
[Source "ChessBase"]
[SourceDate "1999.11.16"]
[SourceVersion "1"]
[SourceVersionDate "1999.11.16"]
[SourceQuality "1"]

1. e4 c6 2. d4 d5 3. exd5 cxd5 4. Bd3 Nc6 5. c3 Qc7 6. h3 Nf6 7. Nf3 g6 8. Bg5 Bg7 9. Qc1 Bf5 10. Bxf5 gxf5 11. Bf4 Qd7 12. Qe3 e6 13. Nbd2 Ne4 14. Nb3 b6 15. Qe2 0-0 16. g4 Kh8 17. g5 Rg8 18. h4 f6 19. Rg1 Qf7 20. 0-0-0 a5 21. a4 e5 22. gxf6 exf4 23. fxg7+ Rxg7 24. Rxg7 Qxg7 25. Rg1 Qf6 26. Nbd2 Rg8 27. Ng5 Nxg5 28. hxg5 Qf7 29. Qf3 Ne7 30. Qxf4 Ng6 31. Qd6 Qe7 32. Qxb6 Nf4 33. Kc2 Nh3 34. Rg3 Nxf2 35. g6 Rxg6 36. Rxg6 hxg6 37. Qxg6 Qe2 38. Qh6+ Kg8 39. Qg5+ Kh8 40. Qh4+ Kg8 41. Qg3+ Kf7 42. Qf3 Qxf3 43. Nxf3 Ke6 44. b4 axb4 45. cxb4 Kd6 46. b5 Kc7 47. Nh4 f4 48. Ng6 f3 49. Ne5 Ne4 50. Nxf3 Kb6 51. Nd2 Nd6 52. Nb3 Nc4 53. Nd2 Nd6 54. Kb3 Nf5 55. Kb4 Nxd4 56. a5+ Kb7 57. Kc5 Ne6+ 58. Kxd5 Nc7+ 59. Kc5 Ne6+ 60. Kc4 Nc7 61. Ne4 Na8 62. Kc5 Nc7 63. Nd6+ Kb8 64. Kc6 Ne6 65. b6 Nd4+ 66. Kc5 Nc2 67. Kc4 Ne3+ 68. Kc5 Ng4 69. a6 Ne5 70. Kb4 Nd7 71. Nc4 Ka8 72. Ka5 1-0

[Event "Centrocoop June op-A"]
[Site "Eforie Nord "]
[Date "1998.??.??"]
[Round "?"]
[White "Smokina, Karolina"]
[Black "Loktionova, Natalia"]
[Result "1/2-1/2"]
[WhiteElo "2195"]
[BlackElo "2250"]
[PlyCount "27"]
[EventDate "1998.06.??"]
[EventType "swiss"]
[EventRounds "11"]
[EventCountry "ROU"]
[SourceTitle "EXT 2000"]
[Source "ChessBase"]
[SourceDate "1999.11.16"]
[SourceVersion "1"]
[SourceVersionDate "1999.11.16"]
[SourceQuality "1"]

1. c4 c6 2. Nf3 d5 3. cxd5 cxd5 4. d4 Nf6 5. Bf4 Nc6 6. Nc3 Ne4 7. e3 Nxc3 8. bxc3 g6 9. Bd3 Bg7 10. 0-0 0-0 11. Rb1 Na5 12. Nd2 Bf5 13. Bxf5 gxf5 14. Qa4 1/2-1/2

[Event "Russia-chB (Women)"]
[Site "Kolontaevo"]
[Date "1998.??.??"]
[Round "?"]
[White "Turkova, Olga"]
[Black "Loktionova, Natalia"]
[Result "0-1"]
[WhiteElo "2160"]
[BlackElo "2250"]
[PlyCount "62"]
[EventDate "1998.??.??"]
[EventType "swiss"]
[EventRounds "9"]
[EventCountry "RUS"]
[SourceTitle "EXT 2000"]
[Source "ChessBase"]
[SourceDate "1999.11.16"]
[SourceVersion "1"]
[SourceVersionDate "1999.11.16"]
[SourceQuality "1"]

1. d4 g6 2. Nf3 Bg7 3. c4 d6 4. Nc3 c5 5. d5 Bxc3+ 6. bxc3 f5 7. h4 Nf6 8. Bh6 Rg8 9. e3 Qa5 10. Qc2 Nbd7 11. Bd3 Nb6 12. Nd2 Na4 13. Rc1 Bd7 14. 0-0 Ng4 15. Bf4 0-0-0 16. f3 Ne5 17. Be2 Nf7 18. Bg3 e5 19. dxe6 Bxe6 20. e4 Ne5 21. Bxe5 dxe5 22. Bd3 f4 23. Kf2 Rg7 24. Nb3 Qa6 25. Qe2 Rxd3 26. Qxd3 Bxc4 27. Qc2 Bxf1 28. Rxf1 c4 29. Nd2 Qb6+ 30. Ke2 Qe3+ 31. Kd1 Rd7 0-1

[Event "RUS-Cup5"]
[Site "Ekaterinburg"]
[Date "1997.??.??"]
[Round "4"]
[White "Egin, Vladimir"]
[Black "Loktionova, Natalia"]
[Result "1-0"]
[WhiteElo "2425"]
[BlackElo "2170"]
[PlyCount "67"]
[EventDate "1997.02.13"]
[EventType "swiss"]
[EventRounds "9"]
[EventCountry "RUS"]
[SourceTitle "CBM 057 Extra"]
[Source "ChessBase"]
[SourceDate "1997.05.01"]
[SourceVersion "1"]
[SourceVersionDate "1997.05.01"]
[SourceQuality "1"]

1. e4 e5 2. Nf3 Nc6 3. Bb5 a6 4. Bxc6 dxc6 5. 0-0 Bg4 6. h3 h5 7. d3 Bxf3 8. Qxf3 Qd7 9. Nd2 0-0-0 10. Nc4 f6 11. Bd2 Nh6 12. b4 Nf7 13. a4 Be7 14. Rfb1 b6 15. Ne3 Ng5 16. Qf5 Ne6 17. b5 cxb5 18. axb5 axb5 19. Ra7 g6 20. Qxg6 Rhg8 21. Qxh5 Nf4 22. Qf5 Rg5 23. Qxd7+ Kxd7 24. h4 Rg6 25. Kf1 Bc5 26. g3 Rdg8 27. Nf5 Kc6 28. Be3 Bf8 29. Ra8 Ne6 30. Rxf8 Nxf8 31. Ne7+ Kd7 32. Nxg8 Rxg8 33. Rxb5 Ne6 34. Rb1 1-0

[Event "RUS-Cup5"]
[Site "Ekaterinburg"]
[Date "1997.??.??"]
[Round "8"]
[White "Loktionova, Natalia"]
[Black "Smirnov, Pavel"]
[Result "0-1"]
[WhiteElo "2170"]
[BlackElo "2345"]
[PlyCount "136"]
[EventDate "1997.02.13"]
[EventType "swiss"]
[EventRounds "9"]
[EventCountry "RUS"]
[SourceTitle "CBM 057 Extra"]
[Source "ChessBase"]
[SourceDate "1997.05.01"]
[SourceVersion "1"]
[SourceVersionDate "1997.05.01"]
[SourceQuality "1"]

1. d4 Nf6 2. Nf3 g6 3. e3 Bg7 4. Bd3 0-0 5. c3 d6 6. e4 e5 7. dxe5 dxe5 8. 0-0 Nc6 9. Qe2 Qe7 10. Nbd2 Nh5 11. Nb3 Be6 12. Bg5 Bf6 13. Be3 Nf4 14. Bxf4 exf4 15. h3 Rfd8 16. Rfd1 Ne5 17. Nxe5 Bxe5 18. Nd2 Rd7 19. Nf3 Qf6 20. Bc4 Rad8 21. Bxe6 Qxe6 22. Rxd7 Rxd7 23. Qb5 Bf6 24. Qxb7 Kg7 25. Re1 Qxa2 26. Qb5 Rd8 27. e5 Be7 28. Nd4 Qd5 29. Qa6 Bc5 30. Qf6+ Kg8 31. Nf3 a5 32. Qxf4 Rb8 33. c4 Qe6 34. Ng5 Qf5 35. Qh4 Rxb2 36. Ne4 g5 37. Qg3 Bd4 38. Kh1 Bxf2 39. Nxf2 Rxf2 40. Rg1 Rf1 41. Qe3 a4 42. Qc3 h6 43. Rxf1 Qxf1+ 44. Kh2 c5 45. Qc2 a3 46. Qa4 Qf4+ 47. Kh1 Qc1+ 48. Kh2 Qb2 49. e6 Qe5+ 50. Kh1 Qxe6 51. Qxa3 Qxc4 52. Qa1 Qd4 53. Qa7 Kg7 54. Qb6 Qd1+ 55. Kh2 c4 56. Qb2+ Kh7 57. Qf6 Qd5 58. Kh1 Qe6 59. Qd4 f6 60. Qa7+ Kg6 61. Qa3 Qe1+ 62. Kh2 c3 63. Qf8 Qe6 64. Qa8 c2 65. h4 Qe5+ 66. Kh3 g4+ 67. Kxg4 Qe6+ 68. Kg3 c1Q 0-1

[Event "RUS-Cup5"]
[Site "Ekaterinburg"]
[Date "1997.??.??"]
[Round "7"]
[White "Serafimov, Dmitry"]
[Black "Loktionova, Natalia"]
[Result "1/2-1/2"]
[WhiteElo "2410"]
[BlackElo "2170"]
[PlyCount "100"]
[EventDate "1997.02.13"]
[EventType "swiss"]
[EventRounds "9"]
[EventCountry "RUS"]
[SourceTitle "CBM 057 Extra"]
[Source "ChessBase"]
[SourceDate "1997.05.01"]
[SourceVersion "1"]
[SourceVersionDate "1997.05.01"]
[SourceQuality "1"]

1. d4 d5 2. c4 c6 3. Nc3 e6 4. e3 Nf6 5. Nf3 Be7 6. Bd3 dxc4 7. Bxc4 b5 8. Bd3 Bb7 9. 0-0 a6 10. e4 Nbd7 11. e5 Nd5 12. Nxd5 cxd5 13. Bd2 Qb6 14. Qe2 Bc6 15. Rac1 b4 16. Rc2 0-0 17. Bg5 Rfe8 18. Rfc1 Bb5 19. Bxb5 axb5 20. Bxe7 Rxe7 21. b3 Nf8 22. Qd2 Rea7 23. Qxb4 Qa5 24. Qc5 h6 25. h4 Ng6 26. g3 Ne7 27. b4 Qa4 28. Qc3 Rc8 29. Qd2 Rc4 30. Rb2 Rac7 31. Rcb1 Rc2 32. Qe1 Qa3 33. Rxc2 Rxc2 34. Kg2 Qxa2 35. Rc1 Nc6 36. Rxc2 Qxc2 37. Qa1 g6 38. Qa6 Nxb4 39. Qa5 Nd3 40. Qd8+ Kh7 41. Qf6 Qxf2+ 42. Kh3 Qf1+ 43. Kh2 Qe2+ 44. Kh1 Nf2+ 45. Kg1 Nh3+ 46. Kh1 Nf2+ 47. Kg1 Nh3+ 48. Kh1 Nf2+ 49. Kg1 Nh3+ 50. Kh1 Nf2+ 1/2-1/2